Tuyển tập truyện ngắn Khái Hưng

Salvato in:
Dettagli Bibliografici
Autore principale: Khái Hưng
Natura: Libro
Lingua:Undetermined
Pubblicazione: Hải Phòng Nxb. Hải Phòng 1994
Soggetti:
Tags: Aggiungi Tag
Nessun Tag, puoi essere il primo ad aggiungerne! !
Thư viện lưu trữ: Trung tâm Học liệu Trường Đại học Cần Thơ
LEADER 00495nam a2200169Ia 4500
001 CTU_32455
008 210402s9999 xx 000 0 und d
082 |a 895.922331 
082 |b Kh103t/1994 
100 |a Khái Hưng 
245 0 |a Tuyển tập truyện ngắn Khái Hưng 
245 0 |c Khái Hưng 
260 |a Hải Phòng 
260 |b Nxb. Hải Phòng 
260 |c 1994 
650 |a short stories, vietnamese 
980 |a Trung tâm Học liệu Trường Đại học Cần Thơ